| 000 | 01007nam a2200253 i 4500 | ||
|---|---|---|---|
| 001 | 42603 | ||
| 003 | ES-MaACL | ||
| 005 | 20230906160638.0 | ||
| 007 | t| | ||
| 008 | 030313s1926 sp ||||1| spa d | ||
| 080 | _a929-054.72(=1.460.12:8=134)"18/19" | ||
| 080 | _a314.743(460.12)"18/19" | ||
| 080 | _a37(460.12) | ||
| 080 | _a364.4(460.12) | ||
| 100 | 1 |
_aCastrillo Sagredo, Benito. _936821 |
|
| 245 | 1 | 3 |
_aEl aporte de los "indianos" a la intrucción pública, a la beneficencia y al progreso en general de España y su historia hecha en la prensa de Buenos Aires / _cpor Benito Castrillo Sagredo. |
| 260 |
_aOviedo : _b[s.n.], _c1926 ( _fTip. Región) |
||
| 300 |
_a192 p. : _bil ; _c10 x 16 cm. |
||
| 650 | 0 | 4 |
_aAsturianos- _zAmérica española- _xHistoria. _910394 |
| 650 | 4 |
_aEnseñanza- _zAsturias. _9141990 |
|
| 650 | 4 |
_aFundaciones benéficas- _zAsturias. _9141991 |
|
| 651 | 4 |
_aAsturias (Comunidad Autónoma)- _xEmigración. _9141989 |
|
| 852 |
_aES-MaACL _jF-14537 _z.- Dedicatoria del autor |
||
| 999 |
_c42603 _d42603 |
||